| 000 | 00651nam a2200193 a 4500 | ||
|---|---|---|---|
| 001 | 000016714 | ||
| 005 | 20200929164942.0 | ||
| 008 | 100310s1955 dr 000 0 spa d | ||
| 040 |
_aDO-SdBNP _bspa _cBNPHU |
||
| 082 |
_a347.05 _bH673r |
||
| 245 | 0 | 0 | _aHistoria de un recurso de inconstitucionalidad. |
| 260 |
_aCiudad Trujillo, República Dominicana : _bMontalvo, _c1955. |
||
| 300 |
_a42 p. ; _c24 cm. |
||
| 490 | 1 |
_aPublicación de la Logia Cuna de América _v2 |
|
| 500 | _aIncluye notas al pie de páginas | ||
| 650 | 4 |
_aRecurso de inconstitucionalidad _937072 |
|
| 830 | 0 |
_aPublicación de la Logia Cuna de América _n2 _937073 |
|
| 049 | _aBNPD | ||
| 999 |
_c16246 _d16246 |
||